Modern Egypt / (Record no. 64761)
[ view plain ]
| 000 -LEADER | |
|---|---|
| fixed length control field | 00681nam a2200253 a 4500 |
| 001 - CONTROL NUMBER | |
| control field | 64761 |
| 003 - CONTROL NUMBER IDENTIFIER | |
| rucl marc code | BD-RjUL |
| 005 - DATE AND TIME OF LATEST TRANSACTION | |
| control field | 20211209081340.0 |
| 008 - FIXED-LENGTH DATA ELEMENTS--GENERAL INFORMATION | |
| fixed length control field | 170220s1968 enka b 001 0 eng |
| 035 ## - SYSTEM CONTROL NUMBER | |
| System control number | (BD-RjUL)64891 |
| 040 ## - CATALOGING SOURCE | |
| Original cataloging agency | DLC |
| Transcribing agency | DLC |
| Modifying agency | BD-RjUL |
| Language of cataloging | eng |
| 041 ## - LANGUAGE CODE | |
| Language code of text/sound track or separate title | eng |
| 082 00 - DEWEY DECIMAL CLASSIFICATION NUMBER | |
| Classification number | 962 |
| Edition number | 23 |
| Author mark and year | LIM 1968 |
| 100 1# - MAIN ENTRY--PERSONAL NAME | |
| Personal name | Little, Tom |
| 9 (RLIN) | 192008 |
| 245 10 - TITLE STATEMENT | |
| Title | Modern Egypt / |
| Statement of responsibility, etc. | Tom Little |
| 260 ## - PUBLICATION, DISTRIBUTION, ETC. (IMPRINT) | |
| Place of publication, distribution, etc. | London : |
| Name of publisher, distributor, etc. | Praeger, |
| Date of publication, distribution, etc. | 1968. |
| 300 ## - PHYSICAL DESCRIPTION | |
| Pagination | 300 p. : |
| Illustrations | ill. ; |
| Size | 23 cm. |
| 490 ## - SERIES STATEMENT | |
| Series statement | Nations of the modern world |
| 504 ## - BIBLIOGRAPHY, ETC. NOTE | |
| Bibliography, etc | Includes bibliography |
| 651 #0 - SUBJECT ADDED ENTRY--GEOGRAPHIC NAME | |
| Geographic name | Egypt |
| 9 (RLIN) | 191391 |
| 830 ## - SERIES ADDED ENTRY--UNIFORM TITLE | |
| Uniform title | Nations of the modern world |
| 942 ## - ADDED ENTRY ELEMENTS (KOHA) | |
| Source of classification or shelving scheme | Dewey Decimal Classification |
| Koha item type | Books |
| Lost status | Source of classification or shelving scheme | Damaged status | Not for loan | Collection code | Permanent Location | Current Location | Shelving location | Date acquired | Source of acquisition | Cost, normal purchase price | Total Checkouts | Full call number | Date last seen | Copy number | Koha item type |
|---|---|---|---|---|---|---|---|---|---|---|---|---|---|---|---|
| Dewey Decimal Classification | Not For Loan | Non-fiction | Central Library, University of Rajshahi | Central Library, University of Rajshahi | Reading Room | 27/10/1970 | Swets & Zeithinger | 42.00 | 962 LIM 1968 | 20/02/2017 | C-1 | Books |